000 nam a22 a 4500
999 _c420
_d420
003 AKMAL
005 20170503160645.0
008 170503s1987 -cn 00 eng d
020 _a0471814768
040 _aAKMAL
082 0 4 _a150 HUF
090 _a150
_bHUF
100 1 _aHuffman, Karen
_9981
245 1 0 _aPsychology in action /
_cKaren Huffman, Mark Vernoy, Barbara William
260 _aNew York :
_bWiley,
_c1987
300 _axiii, 686, [72]p. :
_bill. ;
_c27cm
504 _aIncludes bibliographical references and index
650 _aPsychology
_9859
700 1 _aVernoy Mark
_9982
700 1 _aWilliams, Barbara
_q((Barbara F.))
_9983
942 _2ddc
_cBOOK